Moto - Yamê - Statistiques

Statistiques générales
  • Ce quiz a été pris 5 fois
  • Le résultat moyen est 125 sur 293
Statistiques - réponses
Réponses % Correct
je
100%
ma
100%
il
80%
Il
80%
nous
80%
tu
80%
a
60%
à
60%
Ce
60%
ces
60%
de
60%
en
60%
est
60%
Ils
60%
la
60%
60%
le
60%
Le
60%
me
60%
mes
60%
Mon
60%
mon
60%
moto)
60%
moto
60%
moto,
60%
moto-moto-moto)
60%
on
60%
On
60%
ont
60%
pour
60%
que
60%
sur
60%
ta
60%
ton
60%
accélère
40%
bêtise,
40%
bonchar
40%
bouché
40%
bouche
40%
c'est
40%
C'est
40%
(C'est
40%
chemin
40%
chemin,
40%
compté
40%
confiance
40%
d'appétit,
40%
décale
40%
depuis
40%
entre
40%
fini (Fini)
40%
imbécile
40%
imbécile)
40%
j'accomplis
40%
J'ai
40%
(J'démarre,
40%
j'démarre
40%
(J'enclenche,
40%
j'enclenche
40%
J'enclenche,
40%
Juste
40%
(Juste
40%
L'Homme
40%
l'idée
40%
l'impossible
40%
l'oseille,
40%
lui,
40%
mauvais,
40%
mola,
40%
ou
40%
petit,
40%
petit
40%
petit (Mon petit)
40%
plus
40%
possible
40%
qui
40%
quoi
40%
serré,
40%
sont
40%
sors
40%
t'es
40%
(Toujours,
40%
toujours
40%
Toujours,
40%
trahit
40%
trahit)
40%
trop
40%
un
40%
une
40%
y
40%
(Ah,
20%
Ah
20%
arrivée
20%
barré)
20%
(Barrez,
20%
barrez-moi
20%
beaucoup
20%
billet
20%
billet)
20%
blase
20%
ça
20%
Ça
20%
ceux
20%
comme
20%
copier)
20%
c'que
20%
dans
20%
d'confiance,
20%
décisions
20%
dessus
20%
digne
20%
dix-huit (Shit)
20%
faut
20%
fête
20%
(Ih-ih)
20%
Ih-ih
20%
ih-ih,
20%
ih-ih
20%
Ih-ih,
20%
j'bombarde
20%
j'crash
20%
J'écris
20%
j'fais
20%
(J'fais
20%
j'les
20%
j'm'éloigne
20%
Joue
20%
j'suis
20%
ketru
20%
ketru,
20%
laisse
20%
l'ancien
20%
l'chemin
20%
l'même
20%
l'on
20%
l'unanimité
20%
m'demandent
20%
même
20%
mise
20%
misère
20%
Moi
20%
mouf)
20%
n'a
20%
n'as
20%
ni
20%
Paname
20%
Parle
20%
pas
20%
pas ?
20%
Pas
20%
(Pas
20%
peut
20%
porte
20%
Quand
20%
(Quand
20%
qu'j'prends
20%
salauds
20%
salauds)
20%
salées
20%
s'demandent
20%
Solo,
20%
solo,
20%
solo
20%
(Solo,
20%
solo)
20%
surtout
20%
Tellement
20%
tous
20%
va
20%
valider
20%
Ah-ah-Ah-ah-ah-ah
0%
Ih-ih-ih-uh-ih-uh-ih (x2)
0%
Ih-uh-ih-uh-ih-uh-ih (Ah)
0%
Aucun quiz correspondant
Distribution des résultats
% des personnes avec chaque résultat
Percentile par nombre de réponses
Votre historique - résultats
Vous n’avez pas pris ce quiz